| 000 | 00669cab a2200205 4500 | ||
|---|---|---|---|
| 001 | WB2728-02 | ||
| 008 | 090401t1991 xxu||||| |||| 00| 0 eng d | ||
| 035 | _a(Sirsi) u40056 | ||
| 041 | _aeng | ||
| 245 | _aConstruction statistics | ||
| 260 | _c1991 | ||
| 350 | _a0 | ||
| 490 |
_aNew Builder _v(90) 11 July 1991, 13(1) |
||
| 520 | _aThe compilation of construction industry statistics is being examined with a view to providing statistics which would give a more accurate picture and would facilitate comparison with the rest of Europe . | ||
| 650 | _aNEDO | ||
| 650 | _aOUTPUT STATISTICS | ||
| 690 | _aBUILT ENVIRONMENT | ||
| 942 | _n0 | ||
| 948 | _c04/03/1997 | ||
| 999 |
_c25655 _d25655 |
||